अलौकिक विद्वान समाजसेवक - हरी नारायण आपटे (Record no. 338797)

MARC details
000 -LEADER
fixed length control field 00795nam a2200169Ia 4500
008 - FIXED-LENGTH DATA ELEMENTS--GENERAL INFORMATION
fixed length control field 090711s9999 xx 000 0 und d
082 ## - DEWEY DECIMAL CLASSIFICATION NUMBER
Item number 1757
100 ## - MAIN ENTRY--PERSONAL NAME
Personal name केळकर नीतीन म.
245 ## - TITLE STATEMENT
Title अलौकिक विद्वान समाजसेवक - हरी नारायण आपटे
260 ## - PUBLICATION, DISTRIBUTION, ETC. (IMPRINT)
Name of publisher, distributor, etc कर्नाटक पब्लिशिंग हाउस
Date of publication, distribution, etc 1964
300 ## - PHYSICAL DESCRIPTION
Extent 288
600 ## - SUBJECT ADDED ENTRY--PERSONAL NAME
Personal name केळकर नीतीन म.
630 ## - SUBJECT ADDED ENTRY--UNIFORM TITLE
Uniform title अलौकिक विद्वान समाजसेवक - हरी नारायण आपटे
700 ## - ADDED ENTRY--PERSONAL NAME
Personal name केळकर नीतीन म.
730 ## - ADDED ENTRY--UNIFORM TITLE
Uniform title अलौकिक विद्वान समाजसेवक - हरी नारायण आपटे
942 ## - ADDED ENTRY ELEMENTS (KOHA)
Koha item type Book

No items available.